Central Library OPAC University of Rajshahi

The Nehrus : (Record no. 25761)

MARC details
000 -LEADER
fixed length control field 01046nam a2200301 a 4500
001 - CONTROL NUMBER
control field 25761
003 - CONTROL NUMBER IDENTIFIER
rucl marc code BD-RjUL
005 - DATE AND TIME OF LATEST TRANSACTION
control field 20211209050926.0
008 - FIXED-LENGTH DATA ELEMENTS--GENERAL INFORMATION
fixed length control field 140319s1962 enkac b 001 0beng d
035 ## - SYSTEM CONTROL NUMBER
System control number (BD-RjUL)25831
040 ## - CATALOGING SOURCE
Original cataloging agency DLC
Transcribing agency TXA
Modifying agency TXA
-- UKM
-- EQO
-- BD-RjUL
Language of cataloging eng
041 ## - LANGUAGE CODE
Language code of text/sound track or separate title eng
082 0# - DEWEY DECIMAL CLASSIFICATION NUMBER
Classification number 954.040924
Edition number 18
Author mark and year NAN 1962
100 1# - MAIN ENTRY--PERSONAL NAME
Personal name Nanda, B. R.
Fuller form of name (Bal Ram),
Dates associated with a name 1917-2010.
9 (RLIN) 79092
245 14 - TITLE STATEMENT
Title The Nehrus :
Remainder of title Motilal and Jawaharlal /
Statement of responsibility, etc. by B.R. Nanda.
260 ## - PUBLICATION, DISTRIBUTION, ETC. (IMPRINT)
Place of publication, distribution, etc. London :
Name of publisher, distributor, etc. George Allen & Unwin,
Date of publication, distribution, etc. 1962.
300 ## - PHYSICAL DESCRIPTION
Pagination 357 p., [3] leaves of plates :
Illustrations ill., ports. ;
Size 23 cm.
504 ## - BIBLIOGRAPHY, ETC. NOTE
Bibliography, etc Includes bibliography (p. [344]-347) and index.
600 10 - SUBJECT ADDED ENTRY--PERSONAL NAME
Personal name Nehru, Motilal,
Dates associated with a name 1861-1931.
Personal name Nehru, Jawaharlal,
Dates associated with a name 1889-1964.
650 #0 - SUBJECT ADDED ENTRY--TOPICAL TERM
Topical term or geographic name as entry element Statesmen
Geographic subdivision India
Form subdivision Biography.
9 (RLIN) 79124
Topical term or geographic name as entry element Prime ministers
Geographic subdivision India
Form subdivision Biography.
9 (RLIN) 79125
Topical term or geographic name as entry element Nationalism
Geographic subdivision India.
9 (RLIN) 79126
651 #0 - SUBJECT ADDED ENTRY--GEOGRAPHIC NAME
Geographic name India
General subdivision Politics and government
Chronological subdivision 1765-1947.
9 (RLIN) 79127
942 ## - ADDED ENTRY ELEMENTS (KOHA)
Source of classification or shelving scheme Dewey Decimal Classification
Koha item type Books
Holdings
Lost status Source of classification or shelving scheme Damaged status Not for loan Collection code Permanent Location Current Location Shelving location Date acquired Source of acquisition Cost, normal purchase price Total Checkouts Full call number Date last seen Copy number Koha item type
  Dewey Decimal Classification     Non-fiction Central Library, University of Rajshahi Central Library, University of Rajshahi   31/12/1968 Zeitlinger 36.00   954.040924 NAN 1962 19/03/2014 C-2 Books
  Dewey Decimal Classification     Non-fiction Central Library, University of Rajshahi Central Library, University of Rajshahi   09/07/1974 india govt. 0.00   954.040924 NAN 1965 24/03/2014 C-3 Books